[Event "Dundee Allegro op"]
[Site "Dundee"]
[Date "2023.03.05"]
[Round "4"]
[White "Tate, Alan"]
[Black "Findlay, David John"]
[Result "1-0"]
[WhiteElo "2282"]
[BlackElo "2176"]
[PlyCount "63"]
[EventDate "2023.03.05"]
[EventType "swiss"]
[EventRounds "5"]
[EventCountry "SCO"]
[SourceTitle "CBM 213 Extra"]
[Source "ChessBase"]
[SourceDate "2023.05.31"]
[SourceVersion "1"]
[SourceVersionDate "2023.05.31"]
[SourceQuality "1"]

1. e4 e5 2. Nf3 d6 3. d4 exd4 4. Nxd4 g6 5. Nc3 Bg7 6. Be3 Nf6 7. Qd2 0-0 8. 0-0-0 Re8 9. f3 Nc6 10. Kb1 a6 11. g4 Bd7 12. h4 Ne5 13. Qg2 b5 14. h5 b4 15. Nce2 Nc4 16. Bc1 Qe7 17. Nf4 Bb5 18. hxg6 hxg6 19. g5 Nd7 20. Nd5 Qd8 21. Qh2 c6 22. Qh7+ Kf8 23. Bxc4 cxd5 24. Bxd5 Rc8 25. Rh2 Nb6 26. Bb3 Bc4 27. Rhd2 a5 28. Ne2 d5 29. Nf4 Qxg5 30. Rxd5 Qf6 31. Rd6 Bxb3 32. axb3 1-0

[Event "BCF-chT2b 1920 (4NCL)"]
[Site "Daventry"]
[Date "2020.02.09"]
[Round "6.84"]
[White "Findlay, David John"]
[Black "Varnam, Liam"]
[Result "1/2-1/2"]
[WhiteElo "2169"]
[BlackElo "2076"]
[PlyCount "75"]
[EventDate "2020.01.11"]
[EventType "team-tourn"]
[EventRounds "11"]
[EventCountry "ENG"]
[SourceTitle "CBM 194 Extra"]
[Source "ChessBase"]
[SourceDate "2020.03.31"]
[SourceVersion "1"]
[SourceVersionDate "2020.03.31"]
[SourceQuality "1"]
[WhiteTeam "Alba"]
[BlackTeam "Grantham Sharks II"]
[WhiteTeamCountry "ENG"]
[BlackTeamCountry "ENG"]

1. e4 e5 2. Nc3 Nf6 3. g3 Bb4 4. Bg2 0-0 5. Nge2 c6 6. d4 d6 7. 0-0 Nbd7 8. a3 Ba5 9. h3 Re8 10. Be3 exd4 11. Bxd4 Bb6 12. Nf4 Ne5 13. b3 Bxd4 14. Qxd4 g5 15. Nd3 Bxh3 16. Nxe5 Bxg2 17. Nxc6 bxc6 18. Kxg2 Qe7 19. Rfe1 Qe5 20. Qxe5 Rxe5 21. Rad1 Rc5 22. Rxd6 Rxc3 23. Rxf6 Rxc2 24. Rd1 Kg7 25. e5 Rc5 26. Rd7 Rf8 27. Rxa7 Rxe5 28. Rxc6 Rd8 29. Rc2 Rd3 30. Rb7 h5 31. a4 h4 32. Rb5 Rxb5 33. axb5 Rxb3 34. Rc5 Kg6 35. g4 Rb4 36. Kh3 Rb3+ 37. Kg2 Rb4 38. Kh3 1/2-1/2

[Event "SCO-ch 124th"]
[Site "Dundee"]
[Date "2017.07.17"]
[Round "3"]
[White "Gormally, Daniel"]
[Black "Findlay, David John"]
[Result "1-0"]
[WhiteElo "2462"]
[BlackElo "2164"]
[PlyCount "121"]
[EventDate "2017.07.15"]
[EventType "swiss"]
[EventRounds "9"]
[EventCountry "SCO"]
[SourceTitle "CBM 179 Extra"]
[Source "ChessBase"]
[SourceDate "2017.08.23"]
[SourceVersion "1"]
[SourceVersionDate "2017.08.23"]
[SourceQuality "1"]

1. e4 e5 2. Nf3 d6 3. d4 exd4 4. Nxd4 g6 5. Nc3 Bg7 6. Be3 Nf6 7. Qd2 0-0 8. 0-0-0 Re8 9. f3 Nc6 10. g4 a6 11. h4 Ne5 12. Be2 b5 13. a3 Bb7 14. Nb3 Rb8 15. h5 Qe7 16. hxg6 fxg6 17. Rh3 Qf7 18. Rdh1 Re7 19. Na5 Ba8 20. g5 Nh5 21. f4 Nd7 22. Bxh5 gxh5 23. f5 Rxe4 24. Nxe4 Bxe4 25. f6 Bxh1 26. Rxh1 Bf8 27. Rg1 Ne5 28. Qg2 Re8 29. Bd4 Ng6 30. Qc6 h4 31. Kb1 h3 32. Rh1 Nf4 33. Qf3 Qd5 34. Qxd5+ Nxd5 35. Rxh3 c5 36. Bf2 Re2 37. Rf3 Kf7 38. Nb7 Re5 39. Bg3 Rxg5 40. Bxd6 Bxd6 41. Nxd6+ Kf8 42. Ne4 Re5 43. Nxc5 Kf7 44. Nxa6 Nxf6 45. Nb4 h5 46. Nd3 Rg5 47. Kc1 Ke6 48. Kd2 Rg2+ 49. Kc3 Nd5+ 50. Kb3 Rg4 51. Rf8 h4 52. Rh8 Rd4 53. Nc5+ Kd6 54. c3 Rg4 55. Nd3 Rg3 56. Nf2 Rg2 57. Ne4+ Ke5 58. Rxh4 Nf4 59. Nc5 Rd2 60. Rh8 Ne2 61. Rh1 1-0

[Event "SCO-ch 124th"]
[Site "Dundee"]
[Date "2017.07.16"]
[Round "2"]
[White "Findlay, David John"]
[Black "Svensson, Lars Ake"]
[Result "1-0"]
[WhiteElo "2164"]
[BlackElo "1937"]
[PlyCount "45"]
[EventDate "2017.07.15"]
[EventType "swiss"]
[EventRounds "9"]
[EventCountry "SCO"]
[SourceTitle "CBM 179 Extra"]
[Source "ChessBase"]
[SourceDate "2017.08.23"]
[SourceVersion "1"]
[SourceVersionDate "2017.08.23"]
[SourceQuality "1"]

1. e4 c5 2. Nf3 d6 3. d4 cxd4 4. Nxd4 Nf6 5. Nc3 Nc6 6. Bc4 e6 7. Be3 a6 8. Bb3 Be7 9. 0-0 Qc7 10. f4 Bd7 11. Qf3 0-0 12. Rad1 Rac8 13. g4 Nxd4 14. Rxd4 Bc6 15. g5 Nd7 16. f5 Kh8 17. Qh5 Ne5 18. Rf4 Qd8 19. f6 gxf6 20. Rh4 Nf3+ 21. Qxf3 fxg5 22. Rh5 g4 23. Qf4 1-0

[Event "Ayr op"]
[Site "Ayr"]
[Date "2017.05.28"]
[Round "5"]
[White "Donohue, Tom"]
[Black "Findlay, David John"]
[Result "0-1"]
[WhiteElo "1977"]
[BlackElo "2161"]
[PlyCount "60"]
[EventDate "2017.05.26"]
[EventType "swiss"]
[EventRounds "5"]
[EventCountry "SCO"]
[SourceTitle "CBM 178 Extra"]
[Source "ChessBase"]
[SourceDate "2017.06.22"]
[SourceVersion "1"]
[SourceVersionDate "2017.06.22"]
[SourceQuality "1"]

1. e4 e5 2. Nf3 d6 3. d4 exd4 4. Nxd4 g6 5. Nc3 Bg7 6. Be3 Nf6 7. Qd2 0-0 8. 0-0-0 Re8 9. f3 Nc6 10. g4 a6 11. h4 Ne5 12. Be2 b5 13. a3 Bb7 14. h5 c5 15. Nf5 gxf5 16. gxf5 b4 17. Nb1 Neg4 18. Rdg1 Kh8 19. h6 Bf8 20. Bg5 Be7 21. Rxg4 Nxg4 22. Bxe7 Qxe7 23. fxg4 Qxe4 24. Rh2 Qe3 25. axb4 cxb4 26. Qxe3 Rxe3 27. Kd2 Rae8 28. c3 a5 29. cxb4 axb4 30. Kd1 Rxe2 0-1

[Event "BCF-chT2 1617 (4NCL) Promotion pool"]
[Site "England"]
[Date "2017.04.30"]
[Round "10.26"]
[White "Findlay, David John"]
[Black "Norinkeviciute, Rasa"]
[Result "1-0"]
[WhiteElo "2183"]
[BlackElo "2005"]
[PlyCount "63"]
[EventDate "2016.11.19"]
[EventType "team-tourn"]
[EventRounds "11"]
[EventCountry "ENG"]
[SourceTitle "EXT 2019"]
[Source "ChessBase"]
[SourceDate "2018.10.10"]
[SourceVersion "1"]
[SourceVersionDate "2018.10.10"]
[SourceQuality "1"]
[WhiteTeam "Alba"]
[BlackTeam "Sussex Martlets"]
[WhiteTeamCountry "SCO"]
[BlackTeamCountry "ENG"]

1. e4 c5 2. Nf3 d6 3. d4 cxd4 4. Nxd4 Nf6 5. Nc3 a6 6. f4 Qc7 7. Bd3 e6 8. 0-0 Be7 9. Kh1 b5 10. Qe2 Nbd7 11. Bd2 Bb7 12. a4 b4 13. Na2 a5 14. c3 bxc3 15. Nxc3 0-0 16. Rae1 Rfe8 17. e5 Nd5 18. Qg4 Nf8 19. f5 dxe5 20. fxe6 f6 21. Bh6 Bb4 22. Ncb5 Qe7 23. Nf5 Bxe1 24. Nxe7+ Rxe7 25. Rxe1 Nxe6 26. Nd6 Ndf4 27. Bxf4 Nxf4 28. Bc4+ Kf8 29. Nxb7 Rxb7 30. g3 Rb4 31. b3 Ng6 32. Qe6 1-0

[Event "WchT Seniors 50"]
[Site "Radebeul"]
[Date "2016.06.26"]
[Round "1.2"]
[White "Findlay, David John"]
[Black "Huelsmann, Josef"]
[Result "1/2-1/2"]
[WhiteElo "2132"]
[BlackElo "2211"]
[PlyCount "111"]
[EventDate "2016.06.26"]
[EventType "team-swiss"]
[EventRounds "9"]
[EventCountry "GER"]
[SourceTitle "CBM 173 Extra"]
[Source "ChessBase"]
[SourceDate "2016.08.29"]
[SourceVersion "1"]
[SourceVersionDate "2016.08.29"]
[SourceQuality "1"]
[WhiteTeam "Scotland"]
[BlackTeam "Monheim"]
[WhiteTeamCountry "SCO"]
[BlackTeamCountry "GER"]

1. e4 e6 2. d4 d5 3. e5 b6 4. c3 Qd7 5. Nf3 Ne7 6. a4 a5 7. Na3 Ba6 8. Nb5 Nc8 9. Bd3 c6 10. Na3 Bxd3 11. Qxd3 Be7 12. 0-0 Na6 13. Re1 Nc7 14. Nc2 b5 15. axb5 cxb5 16. Bg5 Nb6 17. Bxe7 Qxe7 18. Nd2 Nc4 19. Ra2 0-0 20. Nb3 f6 21. exf6 Rxf6 22. Nc5 a4 23. Ne3 Raf8 24. Ng4 Rf4 25. f3 Qd6 26. b3 axb3 27. Nxb3 b4 28. Ne5 Nxe5 29. Rxe5 bxc3 30. Qxc3 Qb6 31. Rc2 R4f7 32. Nc5 Qb1+ 33. Re1 Qb6 34. Rce2 Re7 35. Qb2 Rb8 36. Qd2 Qd6 37. Re5 Rb6 38. Qe3 Qc6 39. f4 g6 40. f5 gxf5 41. Rxf5 Rg7 42. Rg5 Rg6 43. Qg3 e5 44. Rxg6+ Qxg6 45. Qxg6+ hxg6 46. dxe5 Kf7 47. h4 Ke7 48. Kf2 Rb4 49. g3 Rc4 50. Nd3 Ne6 51. Ra1 Rd4 52. Ra7+ Kf8 53. Ke3 Re4+ 54. Kf2 Rd4 55. Ke3 Re4+ 56. Kf2 1/2-1/2